000 00754nam a2200277 a 4500
003 AR-BaBNM
005 20251128210944.0
008 082120s2002 ||||||||||||||000 | spa||
040 _cAR-BaBNM
245 0 0 _aThe idea of a new university
_ban experiment in Sussex
250 _a2ª ed.
260 _aLondon
_bAndre Deutsch
_c1970
300 _a272 p.
_bfot.
500 _aContiene referencias bibliográficas
650 4 _aUNIVERSIDADES
650 4 _aPAPEL DE LA UNIVERSIDAD
650 4 _aENSEÑANZA UNIVERSITARIA
651 4 _aReino Unido
651 4 _aEuropa
653 _aEDUCACION SUPERIOR
653 _aCAMBIO EDUCATIVO
653 _aEXPERIENCIAS EDUCATIVAS
700 1 _aDaiches, David
_eeditor
942 _cBK
998 _cRAQUEL
999 _c17626
_d17626